| 000 | 00598nam a2200217 a 4500 | ||
|---|---|---|---|
| 001 | 19431 | ||
| 003 | CO-ViMGA | ||
| 008 | 141112s2004 ck r 000 u spa d | ||
| 020 | _a9681841832 | ||
| 040 |
_aCO-ViMGA _bspa _cCO-ViMGA |
||
| 082 | 0 | 4 | _a808.81 K72 |
| 100 | 1 |
_aKrauze, Ethel _927982 |
|
| 245 | 1 | 0 | _aComo acercarse a la poesia |
| 260 |
_aMexico : _bLimusa : _bConaculta; 1994 |
||
| 300 | _a176 p. | ||
| 490 | _aComo acercarse a ... | ||
| 590 | _aForma de adquisición : Premio Mincultura | ||
| 650 | 1 | 4 | _aPOESIA - COLECCIONES |
| 650 | 1 | 4 | _aPOESIA - HISTORIA Y CRITICA |
| 942 |
_2ddc _cBK |
||
| 999 |
_c28577 _d28577 |
||